1883 1474 1147 1783 1774 1117 1300 1859 1277 1415 1321 1385 1563 1041 1682 1467 1013 1293 1988 1462 1701 1256 1661 1989 1270 1066 1157 1445 1580 1479 1197 1827 1887 1371 1195 1635 1413 1898 1005 1013 1290 1868 1532 1167 1799 1374 1592 1206 1320 1352 1411 1412 1879 1900 1195 1159 1994 1933 1339 1638 1746 1133 1212 1817 1918 1048 1156 1154 1771 1919 1967 1452 1105 1485 1484 1582 1134 1568 1055 1881 1553 1303 1390 1744 1511 1127 1740 1438 1963 1289 1046 1677 1587 1529 1630 1616 1339 1892 1376 BCNSPRNW ULIB Ver.6.0+V

เปลี่ยนเป็นภาษาไทย

Change to English
 แสดงรายละเอียดบรรณานุกรม
  กลับหน้าหลัก

Brief Record : Get Marc (ISO 2709) : E-mail record : QR code < ปิดหน้าต่าง
LEADER : 00000nam 2200000uu 4500
001    13399112777
003     ULIB
008    110907s2543||||th 000 0 tha d
050  4 LB1066^bก527ก 2543
110 1  สถาบันพระบรมราชชนก
245 10 การปฎิรูปการเรียนรู้ วันที่ 26-28 กรกฏาคม 2543 ณ โรงแรมเรดิสัน กรุงเทพฯ /^cสถาบันพระบรมราชชนก
260    นนทบุรี :^bสถาบันพระบรมราชชนก,^c2543
300    114 หน้า
650  7 การจัดการศึกษา
650  7 การเรียนการสอนบูรณาการ
945    ^p0^l0^i015818
995    ทศพร
999 ^a ทศพร
รายการนี้ยังไม่มีแท็ก
คุณยังไม่ได้ล็อกอิน คุณสามารถมีกิจกรรมร่วมกับเว็บไซต์ได้ แต่ต้องล็อกอินก่อน ::
  ล็อกอิน

รายการสื่อสารสนเทศ

ลำดับที่ ประเภท เลขเรียก/บาร์โค้ด สถานที่ สถานะ
- ไม่พบข้อมูล -

รายการใกล้เคียง
    หัวเรื่อง [การจัดการศึกษา]

BibComment


ยังไม่เคยถูกคอมเมนท์

คอมเมนท์ทรัพยากรรายการนี้
  คอมเมนท์: การปฎิรูปการเรียน..


 Copyright 2026. Bcnsprnw @Library